• 首页
  • 本馆介绍
  • 公告通知
  • 最新文献
  • 馆藏检索
  • 电子资源
  • 读者导购
  • 参考咨询
  • 我的图书馆
  • 登录
  • 详细信息显示
  • 放入我的书架
  • 预约/预借图书
  • 作者相关作品
  • 分类相关作品
  • 丛书相关作品
  • 出版社相关作品

书目信息

  • 表格格式
  • 工作单格式
  • 卡片格式
题名:
旅游地质学
    
 
作者: 杨世瑜 , 吴志亮 著
分册:  
出版信息: 天津   南开大学出版社  2006
页数: 382页
开本: 20cm
丛书名:
单 册:
中图分类: F590.3
科图分类:
主题词: 旅游资源--地质学--高等学校--教材
电子资源:
ISBN: 7-310-02451-6
000 00777nam0 2200241 450
001 07079000454
005 20070721102248.10
010    @a7-310-02451-6@dCNY22.00
100    @a20060301d2006 ekmy0chiy0120 ea
101 0  @achi
102    @aCN@b120000
105    @aa z 000yy
200 1  @a旅游地质学@Alu^ you di zhi xue@f杨世瑜, 吴志亮著
210    @a天津@c南开大学出版社@d2006
215    @a382页@c图表@d20cm
300    @a高等院校旅游专业系列教材
330    @a本书主要内容有:旅游地质学概述、旅游地质资源概述、观赏性旅游地质景观、科考、科普性旅游地质资源等。
606 0  @a旅游资源@x地质学@x高等学校@j教材
690    @aF590.3 @v4
701  0 @a杨世瑜@Ayang shi yu@4著
701  0 @a吴志亮@Awu zhi liang@4著
801  0 @aCN@bTJXH@c20070721
905    @a10447@dF590.3 @e165
    
    旅游地质学/杨世瑜, 吴志亮著.-天津:南开大学出版社,2006
    382页:图表;20cm
    高等院校旅游专业系列教材
    
    ISBN 7-310-02451-6:CNY22.00
    本书主要内容有:旅游地质学概述、旅游地质资源概述、观赏性旅游地质景观、科考、科普性旅游地质资源等。
●
相关链接 在E读中查询图书 在五车中查询图书 在当当中查询图书 在豆瓣中查询图书


正题名:旅游地质学     索取号:F590.3/165         预约/预借

序号 登录号 条形码 馆藏地/架位号 状态 备注
1 0822727   208227275   第一样本阅览室/ [索取号:F590.3/165] 在馆    
2 0822728   208227284   第一借阅区/ [索取号:F590.3/165] 在馆    
3 0822729   208227293   第一借阅区/ [索取号:F590.3/165] 在馆    
4 0822730   208227300   第一借阅区/ [索取号:F590.3/165] 在馆    
5 0822731   208227319   第一借阅区/ [索取号:F590.3/165] 在馆    
唐山师范学院图书馆 欢迎您!
大连网信软件有限公司© 版权所有